Surface roughness evaluation of medium density fibreboard manufactured in Malaysia (Record no. 70006)

MARC details
000 -LEADER
fixed length control field 00486nam a2200169Ia 4500
100 ## - MAIN ENTRY--AUTHOR NAME
Personal name Hiziroglu S
245 #0 - TITLE STATEMENT
Title Surface roughness evaluation of medium density fibreboard manufactured in Malaysia
260 ## - PUBLICATION, DISTRIBUTION, ETC. (IMPRINT)
Name of publisher Journal of Tropical Forest Products
Year of publication 1999
300 ## - PHYSICAL DESCRIPTION
Number of Pages 93-97
500 ## - GENERAL NOTE
General note Source Year: 2000
650 ## - SUBJECT ADDED ENTRY--TOPICAL TERM
Topical Term Medium density fibreboard
650 ## - SUBJECT ADDED ENTRY--TOPICAL TERM
Topical Term Rubberwood
700 ## - ADDED ENTRY--PERSONAL NAME
Personal name Baba Ishak
856 ## - ELECTRONIC LOCATION AND ACCESS
Uniform Resource Identifier IRRDB
942 ## - ADDED ENTRY ELEMENTS (KOHA)
Koha item type Journals
Holdings
Withdrawn status Lost status Damaged status Not for loan Home library Current library Shelving location Date acquired Serial Enumeration / chronology Koha item type
      Journals RRII Library RRII Library Rubber general 17/12/2021 Volume 5, Issue 1 Journals